Learning in groups : a handbook for face-to-face and online environments

Bibliographic Details
Main Authors: Jaques, David (Author), Salmon, Gilly (Author)
Format: Book
Language:English
Published: Abingdon, Oxon : N.Y : Routledge , c2007
Edition:4th ed
Subjects:

MARC

LEADER 00000cam a2200000 7i4500
001 0000053745
005 20090217093000.0
008 090205s2007 nyu eng
020 |a 0415365260 
020 |a 9780415365260 
090 0 0 |a LB1032   |b .J35 2007 
100 1 |a Jaques, David ,   |e author 
245 1 0 |a Learning in groups :   |b a handbook for face-to-face and online environments   |c David Jaques and Gilly Salmon 
250 |a 4th ed 
260 |a Abingdon, Oxon : N.Y :   |b Routledge ,   |c c2007 
300 |a ix, 347 p. ;   |c 25 cm. 
504 |a Includes bibliographical references and index 
505 0 |a 1. Theory and practice in group dynamics -- 2. Studies of group behaviour -- 3. Approaches to learning -- 4. Communication in groups -- 5. Aims and purposes of groups -- 6. Activities for groups -- 7. Enabling group interaction-the role of tutor and e-moderator -- 8. Learning groups in context -- 9. Assessing and evaluating with groups -- 10. Case studies of group teaching and learning -- 11. Developing group learning 
650 0 |a Group work in education 
700 1 |a Salmon, Gilly ,   |e author 
999 |a 1000114559   |b Book   |c OPEN SHELF (30 DAYS)   |e Gong Badak Campus